000 00705nam a2200289Ia 4500
005 20260324142452.0
008 008 260324s9999 xx 000 0 eng d
020 _a9781315250984
037 _aEBOOK
040 _aCRL
040 _beng
040 _cCRL
041 _2eng
041 _aeng
084 _qCRL
100 _aØystein Gulvåg Holter; Tordis Borchgrevink
_91212052
245 0 _aLabour of Love
245 0 _bBeyond the Self-Evidence of Everyday Life
260 _bTaylor and Francis
260 _c1995
365 _a
365 _b230
856 _uhttp://www.taylorfrancis.com/books/9781315250984
942 _cEBOOK
999 _c1816283
_d1816283